000 01192nkm a2200265 i 4500
001 4424
003 ES-MaACL
005 20250713063037.0
007 khrbo
008 070711s1988 sp --- g |001||spa d
100 0 _aAlfonso,
_d1902-1990
_919858
245 1 3 _aLa onomástica [
_hFotografía]
_b: ciencia auxiliar de la historia /
_cAlfonso (sello).
260 _a[S.l. :
_bs.n.],
_c1988.
300 _a2 fot. :
_bb. y n. ;
_c12 x 18 cm.
500 _aDatos basados en invitación.
511 0 _aInterviene: Fernando del Arco García; presenta: Consuelo Vara.
518 _aActo organizado por la Sección de Ciencias Históricas del Ateneo de Madrid, celebrado en la sala de conferencias el jueves, 29 de septiembre de 1988, a las 20:00 h.
600 1 4 _aArco y García, Fernando del,
_d1923-2020
_922508
600 1 4 _aVara Izquierdo, Consuelo
_9113109
610 2 4 _aAteneo de Madrid-
_xActos culturales-
_y1988-
_vFotografías.
_91903
710 2 _aAteneo de Madrid.
_bSección de Ciencias Históricas
_91981
852 _aES-MaACL
_jFOT 238/1988
856 4 _uhttp://www.ateneodemadrid.net/biblioteca_digital/imagenes/1988/0238-1988.jpg
_zVer imagen
999 _c4424
_d4424